Southville International School and Colleges
Your cart is empty.
  • Cart
  • Lists
    Public lists Eva Luna New books Lux_list list_1
    Your lists Log in to create your own lists
  • Log in to your account
  • Your cookies
  • Search history
Southville International School and Colleges
  • Advanced search
  • Recent comments
  • Most popular
  • Libraries

Log in to your account

Log in with GOOGLE


If you do not have an external account, but do have a local account, you can still log in:

  1. Home
  2. MARC view: Chicken meals :
Normal view MARC view ISBD view

Chicken meals : (Record no. 10450)

[ view plain ]
MARC details
000 -LEADER
fixed length control field 00543nam a22001817a 4500
003 - CONTROL NUMBER IDENTIFIER
control field OSt
005 - DATE AND TIME OF LATEST TRANSACTION
control field 20140310182210.0
008 - FIXED-LENGTH DATA ELEMENTS--GENERAL INFORMATION
fixed length control field 130906t xxu||||| |||| 00| 0 eng d
050 ## - LIBRARY OF CONGRESS CALL NUMBER
Classification number TX 750.5
Item number .Ar695 2008
082 ## - DEWEY DECIMAL CLASSIFICATION NUMBER
Classification number HS 641.691
Item number Ar3 2008
100 ## - MAIN ENTRY--PERSONAL NAME
Personal name Argyriou, Ellen
9 (RLIN) 16740
245 ## - TITLE STATEMENT
Title Chicken meals :
Remainder of title comprehensive, step by step cooking /
Statement of responsibility, etc Ellen Argyriou.
260 ## - PUBLICATION, DISTRIBUTION, ETC. (IMPRINT)
Place of publication, distribution, etc Australia :
Name of publisher, distributor, etc WS Pacific Publication,
Date of publication, distribution, etc c2008
300 ## - PHYSICAL DESCRIPTION
Extent 63 p. ;
Other physical details ill. col. ;
Dimensions 21 cm.
650 ## - SUBJECT ADDED ENTRY--TOPICAL TERM
Topical term or geographic name as entry element Cookery
General subdivision Chicken
9 (RLIN) 16741
942 ## - ADDED ENTRY ELEMENTS (KOHA)
Source of classification or shelving scheme Library of Congress Classification
Holdings
Withdrawn status Lost status Source of classification or shelving scheme Damaged status Home library Current library Shelving location Date acquired Total Checkouts Full call number Barcode Date last seen Copy number Price effective from Koha item type
    Library of Congress Classification   Luxembourg Library Luxembourg Library High School Section 09/06/2013   TX 750.5 .Ar695 2008 17729 09/06/2013 1 09/06/2013 Books

Chicken meals :

APA

Argyriou E., . (2008). Chicken meals. Australia: WS Pacific Publication.

Chicago

Argyriou Ellen, . 2008. Chicken meals. Australia: WS Pacific Publication.

Harvard

Argyriou E., . (2008). Chicken meals. Australia: WS Pacific Publication.

MLA

Argyriou Ellen, . Chicken meals. Australia: WS Pacific Publication. 2008.

  • Place hold
  • Print
  • Cite
  • Add to your cart (remove)
  • Save record
    BIBTEX Dublin Core MARCXML MARC (non-Unicode/MARC-8) MARC (Unicode/UTF-8) MARC (Unicode/UTF-8, Standard) MODS (XML) RIS
  • More searches
    Search for this title in:
    Other Libraries (WorldCat) Other Databases (Google Scholar) Online Stores (Bookfinder.com) Open Library (openlibrary.org)

Exporting to Dublin Core...

SOUTHVILLE LIBRARY

Southville International School and Colleges Library

1281 Tropical Ave. Cor. Luxembourg St., BF Homes International, Las Pinas City

Tel. No. 8256374 / 252358 Loc. 117/146

Powered by Koha